000 00517cam a2200157 4500500
005 20251012022648.0
041 _afre
042 _adc
100 1 0 _aJay, Emmanuelle
_eauthor
700 1 0 _a David, Louis
_eauthor
245 0 0 _aQuand la violence étouffe l’émotion
260 _c2025.
500 _a81
786 0 _nLe Journal des psychologues | 418 | 5 | 2025-09-01 | p. 64-70 | 0752-501X
856 4 1 _uhttps://shs.cairn.info/revue-le-journal-des-psychologues-2025-5-page-64?lang=fr&redirect-ssocas=7080
999 _c1540264
_d1540264